00643nam a2200169Ia 4500008004100000100002100041245012700062245005400189260005900243260000900302300001100311650001800322650001500340856002600355999001900381952007300400170221s9999 xx 000 0 und d aEva Breva Franch aMessages with Impact: Creativity in Traditional Outdoor Advertising Platforms in Castellón (Spain) and Warrington (UK)  cEva Breva Franch, Chelo Balado Albiol, Rutherford bOnline Journal of Communication and Media Technologies c2013 a33 : 6 xCommunication xMedia Arts uhttp://www.ojcmt.net/ c311056d311056 001040aCLbCLd2017-02-21l0r2017-02-21 00:00:00w2017-02-21yFOJ